Productos naturales no maderables (PNNM) en Colombia (Registro nro. 7088)

Detalles MARC
000 -CABECERA
Campo de control 00627nam a2200157 a 4500
090 ## - CLASIFICACIÓN LOCAL
Colección IAVH
Consecutivo 01369
041 ## - IDIOMA
Código de idioma para texto/pista de sonido o título separado Español
100 ## - ASIENTO PRINCIPAL--NOMBRE PERSONAL
Nombre personal González, D.
245 ## - MENCION DE TITULO
Título Productos naturales no maderables (PNNM) en Colombia
Parte restante del título estado del arte de la investigación y otros aspectos
260 ## - PUBLICACION, DISTRIBUCION, ETC. (PIE DE IMPRENTA)
Lugar de publicación, distribución, etc. Bogotá
Nombre del editor, distribuidor, etc. IAVH
Fecha de publicación, distribución, etc. 2003
650 ## - ASIENTO SECUNDARIO DE MATERIA - TERMINO TEMATICO
Término temático o nombre geográfico como elemento de entrada Comercialización de productos
650 ## - ASIENTO SECUNDARIO DE MATERIA - TERMINO TEMATICO
Término temático o nombre geográfico como elemento de entrada Productos naturales no maderables
650 ## - ASIENTO SECUNDARIO DE MATERIA - TERMINO TEMATICO
Término temático o nombre geográfico como elemento de entrada Certificación forestal
650 ## - ASIENTO SECUNDARIO DE MATERIA - TERMINO TEMATICO
Término temático o nombre geográfico como elemento de entrada Legislación forestal
710 ## - ASIENTO SECUNDARIO - NOMBRE CORPORATIVO
Nombre corporativo o de jurisdicción como elemento de entrada ^aInstituto de Investigación de Recursos Biológicos Alexander von Humboldt^dBiocomercio Sostenible^sIAvH

No hay ítems disponibles.